| 000 | 00597nam a2200241Ia 4500 | ||
|---|---|---|---|
| 008 | 210210b1987 xxu||||| |||| 00| 0 eng d | ||
| 082 | _a809.8891403 ENCY | ||
| 100 | _a- | ||
| 245 | _aEncyclopaedia of Indian literature.6V V6-Supplementary entries and index. | ||
| 260 |
_aN D _bSahitya Akademi _c1987 |
||
| 300 | _axv,4653-5160 | ||
| 440 | _a6 | ||
| 650 | _aV6-Supplementary | ||
| 650 | _aof | ||
| 650 | _aliterature.6V | ||
| 650 | _aIndian | ||
| 650 | _aindex. | ||
| 650 | _aentries | ||
| 650 | _aEncyclopaedia | ||
| 650 | _aand | ||
| 690 | _aIndian Literature | ||
| 906 | _a050296 | ||
| 999 |
_c98817 _d98817 |
||